Statistics for Country Names Made of Chemical Element Symbols

Click here to take the quiz!

General Stats

  • This quiz has been taken 374 times
  • The average score is 22 of 32

Answer Stats

ElementsAnswer% Correct
Argon-Germanium-Nitrogen-Titanium-SodiumArgentina
84%
Copper-BariumCuba
84%
Neon-Thorium-Erbium-Lanthanum-Neodymium-SulphurNetherlands
81%
Bromine-Uranium-Neon-IodineBrunei
79%
Neon-Phosphorus-AluminiumNepal
77%
Fluorine-Indium-Lanthanum-NeodymiumFinland
76%
Gallium-Boron-Oxygen-NitrogenGabon
74%
Iodine-Rhenium-Lanthanum-NeodymiumIreland
74%
Phosphorus-Erbium-UraniumPeru
73%
Fluorine-Radium-Nitrogen-CeriumFrance
71%
Uranium-Potassium-Radium-Iodine-NeonUkraine
71%
Barium-Hydrogen-Radium-IndiumBahrain
70%
Iodine-Radium-NitrogenIran
69%
Phosphorus-Aluminium-GoldPalau
69%
Beryllium-Nickel-NitrogenBenin
68%
Iodine-Cerium-Lanthanum-NeodymiumIceland
67%
Sulphur-Protactinium-IndiumSpain
67%
Boron-Uranium-Ruthenium-Neodymium-IodineBurundi
66%
Beryllium-Lanthanum-Ruthenium-SulphurBelarus
65%
Potassium-Oxygen-Sulphur-Oxygen-Vanadium-OxygenKosovo
64%
Barium-Hydrogen-Americium-ArsenicBahamas
63%
Phosphorus-Hydrogen-Iodine-Lithium-Phosphorus-Phosphorus-Indium-EinsteiniumPhilippines
63%
Molybdenum-Sodium-CobaltMonaco
62%
Carbon-Yttrium-Praseodymium-Uranium-SulphurCyprus
61%
Lanthanum-OsmiumLaos
61%
Sulphur-Indium-Gallium-Polonium-RheniumSingapore
61%
Polonium-Lanthanum-NeodymiumPoland
59%
Carbon-Americium-Erbium-Oxygen-Oxygen-NitrogenCameroon
57%
Potassium-Iridium-Iodine-Barium-TitaniumKiribati
57%
Holmium-Neodymium-Uranium-Radium-SulphurHonduras
55%
Sodium-Uranium-RutheniumNauru
53%
Bohrium-Uranium-Tantalum-NitrogenBhutan
51%

Score Distribution

Percentile by Number Answered

Percent of People with Each Score

Your Score History

You have not taken this quiz